Satisfying Dragging - Statistics

General Stats
  • This quiz has been taken 17 times
  • The average score is 7 of 20
Answer Stats
Hint Answer % Correct
a to l asdfghjkl
100%
q to p qwertyuiop
100%
z to m zxcvbnm
100%
l to a lkjhgfdsa
60%
m to z mnbvcxz
60%
p to q poiuytrewq
60%
q to m qwertyuiopasdfghjklzxcvbnm
60%
1 to 0 0987654321
27%
0 to 1 1234567890
27%
a l s k alskdjfhg
13%
top to bottomgoing right qazwsxedcrfvtgbyhnujmikolp
13%
q p w o qpwoeiruty
13%
bottom to topgoing right zaqxswcdevfrbgtnhymjukilop
13%
z m x n zmxncbv
13%
bottom to topgoing left plokimjunhybgtvfrcdexswzaq
7%
top to bottomgoing left polikujmyhntgbrfvedcwsxqaz
7%
q m w n e b qmwnebrvtcyxuziaospdlfkgjh
7%
m to q mnbvcxzlkjhgfdsaoiuytrewq
0%
circlecounterclock qazxcvbnmlpoiuytrewsdfghjk
0%
circleclockwise qwertyuioplkmnbvcxzasdfghjk
0%
No matching quizzes found
Score Distribution
Percent of People with Each Score
Percentile by Number Answered
Your Score History
You have not taken this quiz